Normal view
MARC view
- Riots
Entry Topical Term
001 - CONTROL NUMBER
- control field: 3177
003 - CONTROL NUMBER IDENTIFIER
- control field: OSt
005 - DATE AND TIME OF LATEST TRANSACTION
- control field: 20170511092819.0
008 - FIXED-LENGTH DATA ELEMENTS
- fixed length control field: 170511|| aca||aabn | a|a d
040 ## - CATALOGING SOURCE
- Original cataloging agency: OSt
- Transcribing agency: OSt
150 ## - HEADING--TOPICAL TERM
- Topical term or geographic name entry element: Riots
- Geographic subdivision: Kuala Lumpur
670 ## - SOURCE DATA FOUND
- Source citation: Work cat.: (OSt)0: Majlis Gerakan Negara 3175, The May 13 tragedy :, 1969

PORTAL AKMAL
E-MEL JKDM
AKMAL2U
G-BAM
u-PUSTAKA